00294pab a2200121 454500008004000000100001700040245004000057260000900097300001300106362001000119650002800129773001500157180718b2012 xxu||||| |||| 00| 0 eng d aAnand, Vinod aScenario of agricultural production c2012 ap.29-30. a4 Aug aAgricultural production aMainstream